Flexibilita trhu práce a ochrana zamestnanca
Význam a praktické kroky SR a vybraných krajín EÚ pri uplatňovaní flexibility trhu práce ako jednej z významných zložiek zabraňovania negatívnym účinkom globálnej krízy na zamestnanosť. Zamestnanosť v kontexte názorových prúdov. Reakcia trhu práce na zmenené ekonomické podmienky.
Saved in:
| Main Author: | |
|---|---|
| Other Authors: | |
| Format: | Book Chapter |
| Language: | Slovak |
| Subjects: | |
| Tags: |
No Tags, Be the first to tag this record!
|
MARC
| LEADER | 00000naa$a2200000$$$4500 | ||
|---|---|---|---|
| 001 | 0105739 | ||
| 005 | 20240502072157.2 | ||
| 041 | 0 | |a slo | |
| 044 | |a SK | ||
| 245 | 1 | 0 | |a Flexibilita trhu práce a ochrana zamestnanca |c Eva Rievajová, Ján Kavec |
| 520 | |a Význam a praktické kroky SR a vybraných krajín EÚ pri uplatňovaní flexibility trhu práce ako jednej z významných zložiek zabraňovania negatívnym účinkom globálnej krízy na zamestnanosť. Zamestnanosť v kontexte názorových prúdov. Reakcia trhu práce na zmenené ekonomické podmienky. | ||
| 610 | 2 | 0 | |a trh práce |
| 610 | 2 | 0 | |a Slovensko |
| 610 | 2 | 0 | |a flexibilita |
| 610 | 2 | 0 | |a nezamestnanosť |
| 610 | 2 | 0 | |a ochrana pracovníkov |
| 610 | 2 | 0 | |a globalizácia |
| 100 | 1 | |a Rievajová, Eva | |
| 700 | 1 | |a Kavec, Ján | |